| 000 | 00884cam a22002411 4500 | ||
|---|---|---|---|
| 001 | 4062944 | ||
| 005 | 19900529161637.7 | ||
| 008 | 740606s1967 enka b 000 0 eng | ||
| 010 | _a 67024303 | ||
| 040 |
_aDLC _cDLC _dDLC _dICU |
||
| 050 | 0 | 0 |
_aTN665 _b.P27 1967 |
| 082 | 0 | 0 |
_a669.9 _222 _bPAR |
| 100 | 1 |
_aParker, Roger Hill. _96644 |
|
| 245 | 1 | 3 |
_aAn Introduction to Chemical Metallurgy/ _cby R. H. Parker. |
| 250 | _a[1st ed.] | ||
| 260 |
_aOxford: _bPergamon Press, _c1967 |
||
| 300 |
_axiv, 361 p. _bill.; _c20 cm. |
||
| 440 | 4 |
_aThe Commonwealth and international library. _pMetallurgy division _96645 |
|
| 504 | _aIncludes bibliographical references and index | ||
| 650 | 0 |
_aChemistry, Metallurgic. _96646 |
|
| 942 |
_2ddc _cBB |
||
| 999 |
_c11949 _d11949 |
||